| 000 | 00475cam a2200169u 4500 | ||
|---|---|---|---|
| 082 |
_a526.36 _bVOS _cL-16, P-7 |
||
| 100 | 1 |
_aVose, James. _939633 |
|
| 245 | 1 | 0 | _aDumpy level work, |
| 250 | _a2d ed., | ||
| 260 |
_aLondon, _bCleaver-Hume Press _c1962 |
||
| 300 |
_a105 p. _billus. _c19 cm. |
||
| 526 |
_a0 _b0 _c0 _d526_360000000000000_VOS |
||
| 526 |
_a0 _b0 _c0 _d526_360000000000000_VOS |
||
| 526 |
_a0 _b0 _c0 _d526_360000000000000_VOS |
||
| 650 | 0 |
_aMCE _9379 |
|
| 942 |
_2ddc _cBK |
||
| 999 |
_c544088 _d544088 |
||